Visualizzazione normale
Vista MARC
- FAMIGLIA
di Topical Term
Records bibliografici associati: 7
001 - CONTROL NUMBER
- control field: 60572
003 - CONTROL NUMBER IDENTIFIER
- control field:
005 - DATE AND TIME OF LATEST TRANSACTION
- control field: 20240326104244.0
008 - FIXED-LENGTH DATA ELEMENTS
- fixed length control field: 240326|| aca||aabn | a|a d
040 ## - CATALOGING SOURCE
- Original cataloging agency:
- Transcribing agency:
150 ## - HEADING--TOPICAL TERM
- Topical term or geographic name entry element: FAMIGLIA
- Form subdivision: dossier
670 ## - SOURCE DATA FOUND
- Source citation: Work cat.: ()228678: Demetrio Duccio 60571, Informazione e narrazione. Parlare in famiglia e tra generazioni, 2006